=LDR 00000nam 2200000 4500 =001 000687 =005 20250711023709 =035 ##$$a 0010-0725000555 =007 ta =008 250711################a##########0#ind## =020 ##$$a 978-623-307-481-0 =082 ##$$a 398.209 598 =084 ##$$a 398.209 598 NIL p =100 #$$a Niloufer wedia =245 1#$$a Pasar /$c Niloufer wadia =250 ##$$a Cetakan pertama =260 ##$$a Rawamangun :$b Badan pengembangan dan pembinaan bahasa,$c 2022 =300 ##$$a 16hlm. : $b Ilus. ; $c 29,7cm =650 #4$$a Cerita anak indonesia-terjemahan =990 ##$$a TBM04600460